Представление документа в формате RUSMARC

ПолеНазваниеЗначение
  Тип записи a
  Библиографический уровень m
001 Контрольный номер RU/IS/BASE/279192611
005 Дата корректировки 20201206204615.6
010 Индекс ISBN __
a ISBN 978-5-353-03118-5
d Цена 109-80
101 Язык документа __
a Язык текста rus
c Язык оригинала rus
200 Заглавие и сведения об ответственности 1_
a Заглавие Чудеса света
e Сведения, относящиеся к заглавию [для мл. и сред. шк. возраста]
f Первые сведения об ответственности [Малофеева Н. Н., Травина И. В., Широнина Е. В.]
b Общее обозначение материала Текст
210 Выходные данные __
a Место издания М.
c Издательство Росмэн
d Дата издания 2008
215 Физическое описание __
a Объем 95, [1] с.
c Иллюстрации/тип воспроизводства ил.
225 Серия __
a Серия Детская энциклопедия РОСМЭН
300 Общие примечания __
a Общие примечания Авт. указ. в вып. дан.
320 Библиография __
a Библиография Указ.: с. 94-95
330 Аннотация __
a Аннотация Знакомство юного читателя с удивительным разнообразием окружающего мира.
605 Заглавие как предмет __
a Заглавие Александрийский маяк
605 Заглавие как предмет __
a Заглавие Статуя Зевса
605 Заглавие как предмет __
a Заглавие Вавилонская башня
605 Заглавие как предмет __
a Заглавие Галикарнасский мавзолей
605 Заглавие как предмет __
a Заглавие Храм Артемиды Эфесской
605 Заглавие как предмет __
a Заглавие Колосс Родосский /статуя/
605 Заглавие как предмет __
a Заглавие Великая Китайская стена
605 Заглавие как предмет __
a Заглавие Мачу-Пикчу /город-крепость/
605 Заглавие как предмет __
a Заглавие Храм Кукулькана
605 Заглавие как предмет __
a Заглавие Чичен-Ица
605 Заглавие как предмет __
a Заглавие Колизей
605 Заглавие как предмет __
a Заглавие Тадж-Махал
605 Заглавие как предмет __
a Заглавие Статуя Христу
605 Заглавие как предмет __
a Заглавие Альтамир /пещера/
605 Заглавие как предмет __
a Заглавие Кельнский собор
605 Заглавие как предмет __
a Заглавие Эйфелева башня
605 Заглавие как предмет __
a Заглавие Пизанская башня
605 Заглавие как предмет __
a Заглавие Парфенон
605 Заглавие как предмет __
a Заглавие Красная площадь
605 Заглавие как предмет __
a Заглавие Стена Плача
605 Заглавие как предмет __
a Заглавие Ворота Иштар
605 Заглавие как предмет __
a Заглавие Большой сфинкс /статуя/
605 Заглавие как предмет __
a Заглавие Бруклинский мост
605 Заглавие как предмет __
a Заглавие Статуя Свободы
606 Тематические рубрики __
a Основная рубрика Изобразительное искусство и архитектура
606 Тематические рубрики __
a Основная рубрика Архитектура в целом
606 Тематические рубрики __
a Основная рубрика География
606 Тематические рубрики __
a Основная рубрика Страноведение
y Географическая подрубрика Петра; Франция; Альпы; Виктория, водопад; Африка; Анхель, водопад; Остров Пасхи; Древний Египет; Мексика; Великобритания; Европа; Франция; Греция; Азия; Иерусалим; Нью-Йорк; США; Южная Америка; Австралия; Исландия; Антарктида; Арктика
610 Ключевые слова __
a Ключевые слова детская литература; познавательная литература; чудеса света; чудеса природы; египетские пирамиды; крепости; памятники истории; памятники культуры; горы; мосты; памятники архитектуры; острова; города-крепости; архитектурные комплексы; архитектурные памятники; амфитеатры; соборы; храмы; животные
686 Индексы других классификаций __
a Классификационный индекс мл85я2
686 Индексы других классификаций __
a Классификационный индекс мл26.8я2
700 Автор _1
a Фамилия Малофеева
b Имя Н. Н.
4 Код отношения 070
702 Вторичная интеллектуальная ответственность _1
a Фамилия Травина
b Имя И. В.
4 Код отношения Автор
4 Код отношения 070
702 Вторичная интеллектуальная ответственность _1
a Фамилия Широнина
b Имя Е. В.
4 Код отношения Автор
4 Код отношения 070
702 Вторичная интеллектуальная ответственность _1
a Фамилия Дмитриев
b Имя М. О.
4 Код отношения Художник
4 Код отношения 040
702 Вторичная интеллектуальная ответственность _1
a Фамилия Иванов
b Имя О. В.
4 Код отношения Художник
4 Код отношения 040
702 Вторичная интеллектуальная ответственность _1
a Фамилия Жежеря
b Имя Т. А.
4 Код отношения Художник
4 Код отношения 040
702 Вторичная интеллектуальная ответственность _1
a Фамилия Максимова
b Имя И. В.
4 Код отношения Художник
4 Код отношения 040
702 Вторичная интеллектуальная ответственность _1
a Фамилия Пархаев
b Имя О. К.
4 Код отношения Художник
4 Код отношения 040
702 Вторичная интеллектуальная ответственность _1
a Фамилия Позиненко
b Имя А. Н.
4 Код отношения Художник
4 Код отношения 040
702 Вторичная интеллектуальная ответственность _1
a Фамилия Сичкарь
b Имя А. Н.
4 Код отношения Художник
4 Код отношения 040
702 Вторичная интеллектуальная ответственность _1
a Фамилия Сучкова
b Имя Н. В.
4 Код отношения Художник
4 Код отношения 040
702 Вторичная интеллектуальная ответственность _1
a Фамилия Шарикова
b Имя И. В.
4 Код отношения Художник
4 Код отношения 040
801 Источник записи _0
a Страна RU
b Организация Муниципальное бюджетное учреждение культуры "Централизованная библиотечная система" г. Сургут (Центральная городская библиотека им. А. С. Пушкина)
g Правила каталогизации КиК/Поспелова
801 Источник записи _1
a Страна RU
b Организация Муниципальное бюджетное учреждение культуры "Централизованная библиотечная система" г. Сургут (Центральная городская библиотека им. А. С. Пушкина)
g Правила каталогизации КиК/Поспелова
852 Данные о местонахождении __
j Шифр хранения мл85я2
i Авторский знак М 19
901 Тип документа __
t Тип документа m
903 Характеристики (МАРС) __
a Дата передачи 20081110
969 Тип издания __
a Тип издания энциклопедия
990 Данные о заказе (DOS) __
j Количество экземпляров (DOS) 6
t N записи в КСУ для И/У (DOS) 200811